00546nam a2200169 a 450000500170000000800410001702000170005805000180007510000150009324500490010826000300015730000320018744000190021952000960023865000210033465000210035520140412111234.0001207s19uu xx 00 eng d a0-394-8290-4 aERbWo81 1974 aSeuss, Dr. aThere's a wocket in my pocket! /cDr. Seuss. aNew York :bRandom House. a1 v. (unp.) ; ill. ; 24 cm. aBeginner Books aA household of unusual creatures help beginning readers recognize common "household" words. aStories in rhyme aChildren stories